000
00330cam a2200133ua 4500
003
OSt
008
230111b |||||||| |||| 00| 0 eng d
041
_a
eng
082
_a
630.01
_b
ICA/QU
245
_a
Question papers
260
_a
New Delhi :
_b
Indian Council for Agricultural Research ,
_c
1993.
300
_a
220 ; .
942
_c
BK
999
_c
5370
_d
5370